| 000 | 01743nam a22002297a 4500 | ||
|---|---|---|---|
| 008 | 170812s2013 sw||||| |||| 00| 0 eng d | ||
| 020 | _a9783943365689 | ||
| 082 | 0 | 4 |
_a701.03 _bL669u |
| 100 | 1 |
_aLewandowska, Marysia. _95901 |
|
| 245 | 1 | 0 |
_aUndoing property? / _ceditado por Marysia Lewandowska y Laurel Ptak. |
| 250 | _a1a edición. | ||
| 260 |
_aSuecia : _bSternberg Press, _c2013. |
||
| 300 |
_a256 páginas : _bilustraciones. |
||
| 505 | 0 |
_tPreface _rBinna Choi, Maria Lind y Emily Pethick. _tAs we may think _rDavid Berry. _tIntroduction _rMarysia Lewandowska y Laurel Ptak. _tThe sabotage of debt _rMatteo Pasquinelli. _tCruel economy of authorship _rKuba Szreder. _tImprovisation and communication _rMattin. _tCopying is always transformative _rRamus Fleischer en conversación con Laurel Ptak. _tFields of zombies: biotech agriculture and privatization of knowlegde _rClaire Pentecost. _tPublic access, private access _rDavid Horvitz. _tThing 001895 (playing cards) _rAgency. _tThe edger of the public domain _rOpen Music Archive. _tSeat belt patent 1962 _rNils Bohlin. _tThe artist's trust _rMarysia Lewansowska. _tAbstraction and the currency of the social _rMarina Vishmidt en conversación con Laurel Ptak. _tFrom Ownership to belonging _rMatthew Stadler. _tInterface, access, loss _rSean Dockray. _tImaginary property _rFlorian Schneider. _tReproducing the future _rMarilyn Strathern en conversación con Marysia Lewandowska. _tExcange and circulation _rAntonia Hirsch. |
|
| 653 | 1 | 0 | _aArte contemporáneo |
| 653 | 1 | 0 | _aArte público |
| 653 | 1 | 0 | _aArte - Propiedad intelectual |
| 653 | 1 | 0 | _aProducción de arte - Cultura |
| 653 | 1 | 0 | _aPrácticas artísticas contemporáneas - Investigación |
| 653 | 1 | 0 | _aCuraduría |
| 700 | 1 |
_aPtak, Laurel. _eeditora. _95902 |
|
| 999 |
_c1246 _d1246 |
||